000 00295nam a22001217a 4500
008 181031b xxu||||| |||| 00| 0 eng d
041 _aeng
080 _a370
100 _a47
101 _aEDU
245 _aTeaching College Collected For The New Instructor
_cWeimer,M
942 _2udc
_cBK
999 _c51355
_d51355